banner koha

Desenvolvimento de porta-enxertos de umbuzeiro em resposta à adubação com nitrogênio e fósforo (Registro n. 226713)

MARC details
000 -LÍDER
campo de controle de tamanho fixo 01015nas a2200349 4500
001 - NÚMERO DE CONTROLE
campo de controle BR2013002220
003 - IDENTIFICADOR DO NÚMERO DE CONTROLE
campo de controle BR-BrBNA
005 - DATA E HORÁRIO DA ÚLTIMA TRANSAÇÃO
campo de controle 20231205122047.0
007 - CAMPO FIXO DE DESCRIÇÃO FÍSICA--INFORMAÇÃO GERAL
campo de controle de tamanho fixo ta
008 - CAMPO DE DADOS FIXOS--INFORMAÇÃO GERAL
campo de controle de tamanho fixo 230509b bl.|||p| |||| 00| 00por d
040 ## - FONTE DA CATALOGAÇÃO
Instituição da catalogação original BR-BrBNA
Idioma da catalogação por
Instituição que transcreveu o registro Biblioteca Nacional de Agricultura
041 ## - CÓDIGO DE IDIOMA
Código do idioma do texto/trilha sonora ou título diferente (Pt)
072 ## - CÓDIGO DE CATEGORIA DE ASSUNTO
Código de Categoria de Assunto F02; F04
100 1# - ENTRADA PRINCIPAL--NOME PESSOAL
Nome pessoal Melo, A.S. de
100 1# - ENTRADA PRINCIPAL--NOME PESSOAL
Nome pessoal Gois, M.P.P.
100 1# - ENTRADA PRINCIPAL--NOME PESSOAL
Nome pessoal Brito, M.E.B.
100 1# - ENTRADA PRINCIPAL--NOME PESSOAL
Nome pessoal Viégas, P.R.A.
100 1# - ENTRADA PRINCIPAL--NOME PESSOAL
Nome pessoal Araújo, F.P. de
100 1# - ENTRADA PRINCIPAL--NOME PESSOAL
Nome pessoal Mélo, D.L.M.F. de
100 1# - ENTRADA PRINCIPAL--NOME PESSOAL
Nome pessoal Mendonça, M. da C.
245 1# - TÍTULO
Título Desenvolvimento de porta-enxertos de umbuzeiro em resposta à adubação com nitrogênio e fósforo
650 ## - ASSUNTO--TERMO TÓPICO
Cabeçalho tópico ou nome geográfico UMBU
650 ## - ASSUNTO--TERMO TÓPICO
Cabeçalho tópico ou nome geográfico MUDA
650 ## - ASSUNTO--TERMO TÓPICO
Cabeçalho tópico ou nome geográfico FRUTICULTURA
650 ## - ASSUNTO--TERMO TÓPICO
Cabeçalho tópico ou nome geográfico PORTA ENXERTO
650 ## - ASSUNTO--TERMO TÓPICO
Cabeçalho tópico ou nome geográfico ADUBAÇÃO
650 ## - ASSUNTO--TERMO TÓPICO
Cabeçalho tópico ou nome geográfico NITROGÊNIO
650 ## - ASSUNTO--TERMO TÓPICO
Cabeçalho tópico ou nome geográfico FÓSFORO
773 0# - ENTRADA ANALÍTICA
Título Ciência Rural (Brazil)
ISSN - International Standard Serial Number ISSN 0103-8478
Partes relacionadas (Mar-Apr 2005), v. 35(2) p. 324-331
Número de controle do registro BR2013002220
909 ## -
-- 202311
-- Lúcia
-- 55
-- Lúcia Elande
942 ## - ELEMENTOS DE ENTRADA ADICIONADOS (KOHA)
Fonte da classificação ou esquema de arquivamento na estante Classificação AGRIS
Ocultar no OPAC Não
Tipo de material Koha Analítica
Exemplares
Situação do descarte Fonte da classificação ou esquema de arquivamento na estante Situação física Não pode ser emprestado Biblioteca de origem Biblioteca atual Localização na estante Enumeração do periódico / cronologia Total de empréstimos Data de último acesso Número do exemplar Tipo de material Koha Fonte de aquisição
  Classificação AGRIS   Consulta local Biblioteca Nacional de Agricultura - Binagri Biblioteca Nacional de Agricultura - Binagri   (Mar-Apr 2005), v. 35(2) p. 324-331   29/11/2023 01 Periódicos Portaria Interministerial nº 164/94

BINAGRI

Telefone: (61)3218-2567/2388/3357/2097 - binagri@agro.gov.br

Ministério da Agricultura e Pecuária , Esplanada dos Ministérios, Bloco D, Anexo B, Brasília/DF, CEP: 70.043-900